<The> Connection between more multinational banks and less real credit in transition economies

Salvato in:
Dettagli Bibliografici
Autore principale: Weller, Christian E.
Natura: Libro
Lingua:inglese
Pubblicazione: Bonn Zentrum für Europäische Integrationsforschung 1999
Serie:Working paper B 8
Soggetti:
Tags: Aggiungi Tag
Nessun Tag, puoi essere il primo ad aggiungerne!!

MARC

LEADER 00000nam a2200000 4500
001 c131238
005 20221108123610.8
022 |a 1436-6053 
041 0 |a eng 
044 |a DE 
245 1 0 |a <The> Connection between more multinational banks and less real credit in transition economies  |c Christian Weller 
264 1 |a Bonn  |b Zentrum für Europäische Integrationsforschung  |c 1999 
300 |a 34 s. 
490 1 |a Working paper  |v B 8 
830 0 |a Working paper  |v B 8 
610 2 0 |a banky medzinárodné 
610 2 0 |a bankovníctvo 
610 2 0 |a úver 
610 2 0 |a transformácia 
610 2 0 |a úver bankový 
610 2 0 |a politika finančná 
610 2 0 |a Poľsko 
610 2 0 |a Maďarsko 
610 2 0 |a SVE 
100 1 |a Weller, Christian E.